[Event "Piatka op"]
[Site "Swidnica"]
[Date "1997.??.??"]
[Round "?"]
[White "Eingorn, Vereslav S"]
[Black "Maiorov, Oleg"]
[Result "1-0"]
[WhiteElo "2595"]
[BlackElo "2435"]

1.c4 c6 2.Nf3 d5 3.e3 Nf6 4.Nc3 a6 5.h3 b5 6.b3 Bf5 7.Ba3 Qa5 8.Bb2 e6 9.cxd5 cxd5
10.a4 b4 11.Nb5 Be7 12.Be5 Bd8 13.Nd6+ Ke7 14.Nxf5+ exf5 15.Nd4 Qb6 16.Nxf5+ Kf8
17.Rc1 Qe6 18.Bd6+ Kg8 19.Qc2 g6 20.Bxb8 Rxb8 21.Nd4 Qb6 22.Qb2 a5 23.Nc6 Ra8
24.Bb5 Ne4 25.Qe5 Bf6 26.Qxd5 Re8 27.Rc4 Ng5 28.h4 Ne6 29.h5 h6 30.hxg6 fxg6
31.Re4  1-0

[Event "Taastrup 25 Jub"]
[Site "Taastrup"]
[Date "1997.??.??"]
[Round "3"]
[White "Duncan, Christopher R"]
[Black "Holmsgaard, Henrik"]
[Result "0-1"]
[WhiteElo "2340"]
[BlackElo "2315"]

1.c4 c6 2.e4 d5 3.exd5 cxd5 4.d4 Nf6 5.Nc3 g6 6.Qb3 Bg7 7.cxd5 O-O 8.Be2 Nbd7
9.Bf3 Nb6 10.Nge2 Bf5 11.O-O Qd7 12.Bg5 Rfd8 13.Bxf6 Bxf6 14.Rad1 Rac8 15.h3 h5
16.Ng3 Rc4 17.Rfe1 Rdc8 18.d6 exd6 19.Nxf5 Qxf5 20.Bxb7 R8c7 21.Be4 Qa5 22.Nb5 Rd7
23.Qf3 Kg7 24.Bc6 Rd8 25.Re3 d5 26.Rc3 Qxa2 27.Qf4 Qxb2 28.Rxc4 dxc4 29.Nd6 Qe2
30.Ra1 Qe6 31.Ne4 Qxc6 32.Rxa7 Rxd4 33.f3 Nd5 34.Qg3 Qb6 35.Rd7 Rd1+ 36.Kh2 Qg1+  0-1

[Event "EU-ch U16"]
[Site "Tallinn"]
[Date "1997.??.??"]
[Round "2"]
[White "Szulc, Michal"]
[Black "Kundin, Alexander"]
[Result "0-1"]
[WhiteElo "2210"]
[BlackElo "2305"]

1.c4 c6 2.Nf3 d5 3.b3 Bf5 4.Bb2 e6 5.g3 Nf6 6.Bg2 Be7 7.O-O O-O 8.d3 h5 9.Nbd2 Bh7
10.Re1 a5 11.e4 a4 12.Qe2 Na6 13.Rac1 Nb4 14.a3 dxe4 15.Nxe4 Nxd3 16.Rcd1 Bxe4
17.Bxf6 Bxf6 18.Qxe4 Nxe1 19.Rxd8 Nxf3+ 20.Bxf3 Rfxd8 21.b4 Rd4 22.Qc2 Rad8
23.c5 Rd3 24.Be4 Rxa3 25.b5 cxb5 26.Bxb7 Rc3  0-1

[Event "EU-ch U16"]
[Site "Tallinn"]
[Date "1997.??.??"]
[Round "4"]
[White "Bar, Roman"]
[Black "Kundin, Alexander"]
[Result "1/2-1/2"]
[WhiteElo "2210"]
[BlackElo "2305"]

1.c4 c6 2.Nf3 Nf6 3.Nc3 d5 4.e3 e6 5.b3 Nbd7 6.Qc2 Bd6 7.Bb2 O-O 8.Be2 e5
9.cxd5 cxd5 10.Nb5 Bb8 11.Rc1 e4 12.Nfd4 Ne5 13.Nc7 Nd3+ 14.Bxd3 exd3 15.Qc5 Ne4
16.Qxd5 Bxc7 17.Qxe4 Re8 18.Qxd3 b6 19.Qc2 Bd6 20.O-O Bb7 21.f4 Bc5 22.Qf5 Rc8
23.Qg4 g6 24.Qg5 f6 25.Qg3 Qd5 26.Nf3 Qd3 27.Rf2 Bb4 28.Re1 Rc2 29.Bxf6 Bxf3
30.Qxf3 Rxd2 31.Qb7 Bf8 32.Qf3 Bc5  1/2-1/2

[Event "EU-ch U16"]
[Site "Tallinn"]
[Date "1997.??.??"]
[Round "7"]
[White "Stryjecki, Marek"]
[Black "Karttunen, Mika"]
[Result "1-0"]
[WhiteElo "2320"]
[BlackElo "2205"]

1.c4 c6 2.b3 d5 3.Bb2 Nf6 4.g3 Bg4 5.h3 Bf5 6.d3 e6 7.Nf3 h6 8.Bg2 Bb4+ 9.Nbd2 O-O
10.O-O Nbd7 11.a3 Bd6 12.cxd5 cxd5 13.e4 dxe4 14.dxe4 Bxe4 15.Nxe4 Nxe4 16.Re1 Ndf6
17.Nd4 e5 18.Nf5 g6 19.Nxd6 Nxd6 20.Bxe5 Nfe8 21.Qd2 Nf5 22.Qf4 Qb6 23.g4 Nfg7
24.Qxh6 Qxb3 25.Rab1 Qxa3 26.Ba1 Qa2 27.Rbd1 Qa4 28.Rc1  1-0

[Event "EU-ch U14"]
[Site "Tallinn"]
[Date "1997.??.??"]
[Round "8"]
[White "Kunin, Vitaly L"]
[Black "Dziuba, Marcin"]
[Result "1-0"]
[WhiteElo "2040"]
[BlackElo "2170"]

1.c4 c6 2.Nf3 d5 3.b3 Bg4 4.cxd5 cxd5 5.Ne5 Bf5 6.e3 Nd7 7.Qf3 Nxe5 8.Qxf5 Nc6
9.Bb2 e6 10.Qf3 Nf6 11.Be2 Bd6 12.O-O O-O 13.d3 Rc8 14.Nd2 Ne5 15.Bxe5 Bxe5
16.d4 Bd6 17.Bd3 Qa5  1-0

[Event "Tanta op"]
[Site "Tanta"]
[Date "1997.??.??"]
[Round "7"]
[White "Conquest, Stuart"]
[Black "Neverov, Valeriy"]
[Result "1-0"]
[WhiteElo "2540"]
[BlackElo "2530"]

1.c4 c6 2.e4 d5 3.exd5 cxd5 4.cxd5 Nf6 5.Nc3 g6 6.Bc4 Bg7 7.Nf3 O-O 8.O-O a6
9.a4 Bg4 10.h3 Bxf3 11.Qxf3 Nbd7 12.d3 Ne8 13.Re1 Nd6 14.Bf4 Rc8 15.Qe2 Re8
16.a5 Nc5 17.Ra3 Qd7 18.Qd2 Qf5 19.g4 Qf6 20.Qe3 Nd7 21.Ra2 h5 22.Bg5 Qd4
23.Qxd4 Bxd4 24.Ne4 Ne5 25.Kg2 Bc5 26.Kg3  1-0

[Event "Czerniak mem Bikurei Haitim"]
[Site "Tel Aviv"]
[Date "1997.??.??"]
[Round "5"]
[White "Zifroni, Dov"]
[Black "Summerscale, Aaron"]
[Result "0-1"]
[WhiteElo "2490"]
[BlackElo "2500"]

1.c4 c6 2.Nf3 d5 3.b3 Bg4 4.Bb2 Nd7 5.e3 Ngf6 6.h3 Bh5 7.Be2 e6 8.cxd5 cxd5
9.Nc3 Be7 10.d3 O-O 11.g4 Bg6 12.h4 h5 13.g5 Ng4 14.Nh2 Nxh2 15.Rxh2 Bb4
16.Rc1 Qa5 17.Qd2 Rfc8 18.Kd1 Rc6 19.a3 Bxa3 20.Ra1 Qc7  0-1

[Event "Torre Blanca op"]
[Site "Torre Blanca"]
[Date "1997.??.??"]
[Round "7"]
[White "Gamarian, Gaguik"]
[Black "Ferrara, Alexis"]
[Result "0-1"]
[WhiteElo "2145"]
[BlackElo "2155"]

1.c4 c6 2.Nc3 d5 3.cxd5 cxd5 4.d4 e5 5.e3 e4 6.Qb3 Nf6 7.Be2 Nc6 8.f3 Bb4
9.Bd2 O-O 10.Nxe4 Nxe4 11.fxe4 Bxd2+ 12.Kxd2 dxe4 13.Nh3 Be6 14.Qc2 Rc8 15.Qa4 a6
16.Nf4 b5 17.Qa3 b4 18.Qxa6 Nxd4 19.exd4 Qxd4+ 20.Ke1 Qxb2 21.Rd1 Qc3+ 22.Kf1 Qf6
23.g3 g5 24.Rg1 Kh8 25.Qd6 Rfd8 26.Qxb4 Rxd1+ 27.Bxd1 gxf4 28.Kg2 f3+ 29.Kf2 Qe5
30.Re1 Rb8 31.Rxe4 Qb2+ 32.Qxb2+ Rxb2+ 33.Ke3 Rxa2 34.h4 Ra3+ 35.Kf2  0-1

[Event "Jarleslaget op"]
[Site "Trondheim"]
[Date "1997.??.??"]
[Round "6"]
[White "Ivanov, Mikhail M"]
[Black "Rausis, Igors"]
[Result "1/2-1/2"]
[WhiteElo "2445"]
[BlackElo "2490"]

1.c4 c6 2.Nc3 d5 3.cxd5 cxd5 4.d4 Nf6 5.Bf4 Nc6 6.e3 Bf5 7.Bd3 Bxd3 8.Qxd3 e6
9.Nf3 Bd6 10.Bxd6 Qxd6 11.O-O O-O 12.Rfc1 Rac8 13.h3  1/2-1/2

[Event "ROM-chT"]
[Site "Tusnad"]
[Date "1997.??.??"]
[Round "?"]
[White "Felecan, Florin"]
[Black "Szuhanek, Ranko"]
[Result "1-0"]
[WhiteElo "2380"]
[BlackElo "2395"]

1.c4 c6 2.Nf3 d5 3.g3 Nf6 4.Bg2 Bg4 5.O-O e6 6.b3 Nbd7 7.Bb2 Be7 8.d3 O-O
9.Nbd2 a5 10.Qc2 h6 11.e4 dxe4 12.Nxe4 Qc7 13.d4 Nxe4 14.Qxe4 Bf5 15.Qe3 Bf6
16.Ne5 Rfd8 17.f4 Qb6 18.Rae1 Nxe5 19.fxe5 Bg5 20.Qf2 Rd7 21.h4 Bd8 22.Qe3 a4
23.c5 Qb5 24.Rxf5 exf5 25.Bf1 Qa5 26.Bc3 Qc7 27.b4 Re7 28.Bc4 Kh8 29.Qf4 Qd7
30.Bd3 Qe6 31.d5 cxd5 32.Bxf5 Qc6 33.e6 f6 34.Qg4 Qe8 35.Bg6 Qg8 36.Qf5 Ra6  1-0

[Event "Vienna-ch"]
[Site "Vienna"]
[Date "1997.??.??"]
[Round "6"]
[White "Sulyok, Michael"]
[Black "Schwab, Rene"]
[Result "1/2-1/2"]
[WhiteElo "2220"]
[BlackElo "2265"]

1.c4 c6 2.Nf3 b5 3.b3 Nf6 4.g3 d5 5.Bg2 Bf5 6.Bb2 e6 7.O-O Be7 8.d3 bxc4
9.dxc4 Bxb1 10.Rxb1 Nbd7 11.Rc1 Rc8 12.cxd5 cxd5 13.Nd4 Bc5 14.b4 Bxd4 15.Qxd4 Nb6
16.Rxc8 Qxc8 17.Rc1 Qb7 18.Qc5 Kd7 19.Qb5+ Ke7 20.Bd4 Rb8 21.Rc6 Nfd7 22.Bxb6 axb6
23.e4 Ne5 24.Rc1 Rc8 25.Rxc8 Qxc8 26.exd5 Qc1+ 27.Bf1 Nf3+ 28.Kg2 Ne1+ 29.Kh1 Qd2
30.dxe6 fxe6 31.Qe5 Qxf2 32.Qc7+ Kf6 33.Qd8+ Kg6 34.Bd3+ Nxd3 35.Qxd3+ Kf6
36.a3 Ke5 37.h4 g6 38.Qb5+ Ke4 39.Qc4+ Qd4 40.Qxe6+ Kf3 41.Qb3+ Kg4 42.Kg2 Qd2+
43.Kf1 b5 44.h5 Kxh5 45.Qf3+ Kg5 46.Kg1 Qd4+ 47.Kg2 h5 48.Kh2 Qe5 49.Kg2 h4
50.gxh4+ Kxh4 51.Qf2+ Kg5 52.Qf3 Qb2+ 53.Kg1 Qd2 54.Qg3+ Kf5 55.Qf3+ Ke5
56.Qg3+ Kd5 57.Qf3+ Ke5 58.Qg3+ Qf4 59.Qxg6 Kd5 60.Qh5+ Qe5 61.Qxe5+ Kxe5
62.Kf2 Kd4 63.Ke2 Kc3 64.Ke3 Kb3 65.Kd3 Kxa3 66.Kc3 Ka4 67.Kc2 Kxb4 68.Kb2 Kc4
69.Kc2 b4 70.Kb2 b3 71.Kb1 Kc3  1/2-1/2

[Event "Mikenas mem op"]
[Site "Vilnius"]
[Date "1997.??.??"]
[Round "?"]
[White "Ulibin, Mikhail"]
[Black "Bagirov, Vladimir"]
[Result "1-0"]
[WhiteElo "2555"]
[BlackElo "2505"]

1.c4 c6 2.e4 d5 3.exd5 cxd5 4.d4 Nf6 5.Nc3 g6 6.cxd5 Bg7 7.Qb3 O-O 8.Be2 Nbd7
9.Bf3 Nb6 10.Nge2 Bf5 11.d6 exd6 12.Bxb7 Rb8 13.Bf3 Nbd5 14.Qd1 Nb4 15.O-O Nc2
16.Rb1 Nb4 17.Ra1 Nc2 18.g4 Bxg4 19.Bxg4 Nxa1 20.Bf3 Qd7 21.Be3 Rxb2 22.Qxa1 Rfb8
23.Qd1 h5 24.Kg2 Re8 25.Qd3 Kh7 26.Bc1 Rbb8 27.Bg5 Kh8 28.Rb1 Nh7 29.Bf4 Nf8
30.Rxb8 Rxb8 31.Ne4 Rb6 32.d5 Be5 33.Be3 Rb7 34.Bd4 Qe7 35.Qc3 Rd7 36.Nxd6 Bxd4
37.Qxd4+ Kg8 38.Ne4 Nh7 39.Qc5 Qe5 40.Qc8+ Nf8 41.Qc3 Qxc3 42.N2xc3 Kg7 43.Kf1 Rc7
44.d6 Rc6 45.Nb5 a6 46.Nc7 f5 47.Ne8+ Kh6 48.N4f6 Rc1+ 49.Kg2 Ne6 50.Bd5 Nf4+
51.Kg3 g5 52.h4 Rd1 53.d7 Nxd5 54.d8=Q f4+ 55.Kh2 Ne3 56.Ng8+  1-0

[Event "CHI-ch"]
[Site "Vina del Mar"]
[Date "1997.??.??"]
[Round "8"]
[White "Rivera, Guillermo"]
[Black "Rojas, Luis"]
[Result "0-1"]
[WhiteElo "2135"]
[BlackElo "2385"]

1.c4 c6 2.Nf3 d5 3.b3 Nf6 4.Bb2 Bf5 5.e3 Nbd7 6.Be2 e6 7.O-O h6 8.Nc3 e5
9.cxd5 cxd5 10.Rc1 a6 11.d4 e4 12.Ne5 Bd6 13.f4 exf3 14.Bxf3 Be6 15.Nxd7 Qxd7
16.e4 Nxe4 17.Nxe4 dxe4 18.Bxe4 O-O 19.d5 Bg4 20.Qd4 f5 21.Bf3 Bxf3 22.Rxf3 Rae8
23.Qd3 Qe7 24.Rcf1 Qe2 25.Qb1 Re4 26.h3 Qd2 27.Rd3 Qg5 28.Bc1 f4 29.Rdf3 Re2
30.g4 Qxd5 31.Qd3 Qxd3 32.Rxd3 Bc5+ 33.Kh1 f3 34.g5 hxg5 35.Bxg5 f2 36.a4 Rf5
37.h4 b6 38.Kg2 Kh7 39.Rc3 a5 40.Rd3 Kg6 41.Rd7 Rb2 42.Rd3 Re5 43.Bc1 Rb1
44.Rg3+ Kh7  0-1

[Event "CHI-ch"]
[Site "Vina del Mar"]
[Date "1997.??.??"]
[Round "14"]
[White "Frey, Hugo"]
[Black "Rojas, Luis"]
[Result "1/2-1/2"]
[WhiteElo "2235"]
[BlackElo "2385"]

1.c4 c6 2.Nf3 d5 3.b3 Nf6 4.g3 g6 5.Bg2 Bg7 6.Bb2 O-O 7.O-O Nbd7 8.Qc2 b6
9.d3 Bb7 10.Nbd2 Re8 11.Ne5 Nxe5 12.Bxe5 Nd7 13.Bxg7 Kxg7 14.cxd5 cxd5 15.d4 Rc8
16.Qb2 Nf6 17.Rac1 Qd6 18.Nc4 dxc4 19.Bxb7 Rc7 20.Bf3 Rec8 21.Rxc4 Rxc4 22.bxc4 Rxc4
23.e3 Qc7 24.Rb1 Rc2 25.Qb3 h5 26.h4 Ng4 27.Bxg4 hxg4 28.Rb2 Rc1+ 29.Kh2 g5
30.Qd5 f6 31.hxg5 Qc8 32.gxf6+ exf6 33.Kg2 Ra1 34.Qe4 Qc1 35.Qe7+ Kg6 36.Qe8+ Kg7
37.Qe7+ Kg6 38.Qe8+  1/2-1/2

[Event "AUT-chT9697"]
[Site "Vorarlberg"]
[Date "1997.??.??"]
[Round "?"]
[White "Heilinger, Dietmar"]
[Black "Drexel, Christof"]
[Result "1-0"]
[WhiteElo "2175"]
[BlackElo "2030"]

1.c4 c6 2.Nc3 d5 3.cxd5 cxd5 4.d4 Nf6 5.Nf3 Nc6 6.Bf4 Bg4 7.Ne5 Nxe5 8.dxe5 d4
9.Qa4+ Qd7 10.Rd1 Qxa4 11.Nxa4 Nd5 12.Rxd4 e6 13.Bd2 Bh5 14.e3 O-O-O 15.g4 Bg6
16.Bg2 b5 17.O-O Nb4 18.Rc1+ Nc2 19.Rxd8+ Kxd8 20.Ba5+ Kc8 21.Nc3 a6 22.Ne4  1-0

[Event "Warsaw-ch"]
[Site "Warsaw"]
[Date "1997.??.??"]
[Round "6"]
[White "Radziewicz, Iweta"]
[Black "Kaczorowska, Barbara"]
[Result "1-0"]
[WhiteElo "2220"]
[BlackElo "2175"]

1.c4 c6 2.d4 d5 3.Nf3 Nf6 4.Nc3 dxc4 5.a4 Bf5 6.e3 e6 7.Bxc4 Bb4 8.O-O Nbd7
9.Qe2 O-O 10.e4 Bg6 11.Bd3 Bh5 12.Rd1 Qe7 13.e5 Nd5 14.Qe4 f5 15.exf6 N7xf6
16.Qh4 Bxf3 17.gxf3 Qf7 18.Ne4 Nxe4 19.fxe4 Qf3 20.Bg5 Nf4 21.Bf1 h6 22.Qg3 Qxg3+
23.fxg3 hxg5 24.gxf4 gxf4 25.Bc4 Rf6 26.Kf2 Raf8 27.Rd3 f3 28.Rg1 Ba5 29.Rg3 Bb6
30.a5 Bxa5 31.Rgxf3 Bb6 32.Ke2 Rh6 33.Rh3 Rff6 34.Rxh6 Rxh6 35.h3 Kf8 36.d5 Rh4
37.Rf3+ Ke7 38.dxe6 Rxe4+ 39.Kd3 Rxe6 40.Bxe6 Kxe6 41.Rf8 Bg1 42.Rb8 b5 43.b4 c5
44.Rxb5 cxb4 45.Rg5 Bf2 46.Rxg7 Be1 47.Kc4 Kf5 48.Rg1 Bd2 49.h4 a5 50.Kb3 Kf6
51.Ka4 Kf7 52.h5 Be3 53.Rg3 Bd2 54.Rg2 Bc1 55.Rg3 Bd2 56.Rg1 Kf6 57.Rg6+ Kf7
58.Kb3 Be3 59.Kc4 Bc1 60.Rg3 Bd2 61.Kd3 Bh6 62.Rg6 Bc1 63.Rc6 Bb2 64.Ra6 Kg7
65.Ke4 Bc1 66.Rxa5 Kh6 67.Kf3 b3 68.Kg4 b2 69.Rb5 Kg7 70.Rb8 Kh6 71.Rb7 Be3
72.Rxb2 Bc1 73.Rb6+ Kg7 74.Rg6+ Kh7 75.Rc6 Bd2 76.Rd6 Bc1 77.Kf5 Kg7 78.Rd3 Kh6
79.Kg4 Kh7 80.Rd7+ Kh6 81.Ra7 Bd2 82.Ra6+ Kh7 83.Kf5 Bc1 84.Rg6 Bd2 85.h6 Bc1
86.Kf6 Bd2 87.Rg2 Bc3+  1-0

[Event "Eastern op"]
[Site "Washington DC"]
[Date "1997.??.??"]
[Round "1"]
[White "Delaune, Richard K"]
[Black "Passov, Alexander"]
[Result "1-0"]
[WhiteElo "2365"]
[BlackElo "2290"]

1.c4 c6 2.e4 e6 3.d4 d5 4.e5 dxc4 5.Bxc4 Nd7 6.Nf3 Nb6 7.Bd3 Ne7 8.Nc3 Ned5
9.Ne4 Be7 10.a3 O-O 11.h4 f5 12.exf6 gxf6 13.Qe2 Qc7 14.Neg5 fxg5 15.hxg5 Kf7
16.Ne5+ Ke8 17.Rxh7 Kd8 18.g6 Nf6 19.Bf4 Nxh7 20.Nf7+ Rxf7 21.Bxc7+ Kxc7
22.gxf7 Nf8 23.g4 Nd5 24.Qe4 Bd6 25.O-O-O Kb6 26.Rg1 Nf4 27.g5 Bd7 28.Qf3 e5
29.g6 N4xg6 30.Bxg6 exd4 31.Qf6 Ne6 32.Re1 Nf4 33.Qxd6 Nd3+ 34.Bxd3  1-0

[Event "Atlantic op"]
[Site "Washington DC"]
[Date "1997.??.??"]
[Round "2"]
[White "Meyer, Eugene B"]
[Black "McCarthy, Brian"]
[Result "1-0"]
[WhiteElo "2475"]
[BlackElo "2235"]

1.c4 c6 2.Nf3 d5 3.b3 Bf5 4.Bb2 e6 5.g3 Nf6 6.Bg2 h6 7.O-O Be7 8.d3 O-O 9.Nbd2 a5
10.Nd4 Bh7 11.cxd5 cxd5 12.Rc1 e5 13.N4f3 e4 14.Ne5 exd3 15.Nxd3 Nc6 16.Nf4 Ne4
17.Nxd5 Nxd2 18.Qxd2 Bb4 19.Qf4 Bd6 20.Qg4 Ne5 21.Qd4 f6 22.Rfd1 Ra6 23.Nf4 Qe7
24.Qd5+ Kh8 25.Qxb7 Qxb7 26.Bxb7 Rb6 27.Bg2 Nf7 28.Rc4 Re8 29.e3 Ra6 30.Rdc1 Be5
31.Nd5 Rd8 32.Nc7 Ra7 33.Bd4 Rxc7 34.Rxc7 Bxc7 35.Rxc7 Ng5 36.Rc5 Be4 37.f4 Nf3+
38.Kf2 Nd2 39.Rxa5 Bxg2 40.Kxg2 Rc8 41.Rc5 Rb8 42.Rc2 Ne4 43.g4 Rd8 44.Kf3 Nd6
45.h3 Kh7 46.f5 Ne8 47.Rc4 Nd6 48.Rc6 Nb5 49.Ke4 Na3 50.Kd3 Ra8 51.Rc5 Rd8
52.Rc6  1-0

[Event "Wattens op"]
[Site "Wattens"]
[Date "1997.??.??"]
[Round "?"]
[White "Lawitsch, Guenther"]
[Black "Aigner, Matthias"]
[Result "1-0"]
[WhiteElo "2300"]
[BlackElo "1725"]

1.c4 c6 2.e4 d5 3.exd5 cxd5 4.cxd5 Nf6 5.Qa4+ Nbd7 6.Nc3 g6 7.d4 Bg7 8.g3 O-O
9.Bg2 Nb6 10.Qb3 e6 11.dxe6 Bxe6 12.Qd1 Re8 13.Nge2 Nbd5 14.O-O Rc8 15.Re1 Bg4
16.Nxd5 Nxd5 17.h3 Bf5 18.a3 Qd7 19.Kh2 Be4 20.Bxe4 Rxe4 21.Bd2 Rce8 22.Rc1 b6
23.Kg2 Qb5 24.Nc3 Nxc3 25.bxc3 Qc6 26.Rxe4 Rxe4 27.Qf3 Qe6 28.Be3 Qe7 29.Rd1 f5
30.d5 Be5 31.a4 Qd6 32.a5 Rc4 33.axb6 axb6 34.Rb1 Rxc3 35.Rxb6 Qxb6 36.Bxb6 Rxf3
37.Kxf3 Bd6 38.g4 Kf7 39.gxf5 gxf5 40.Be3 Kf6 41.Bf4 Be7 42.Ke2 Bc5 43.f3 Bd4
44.Kd3 Bb2 45.Bd6 Ba1 46.Kc4 Kf7 47.Kb5 Ke8 48.Kc6 Bf6 49.Kc7 Bd8+ 50.Kc8 Ba5
51.Bc7  1-0

[Event "Wattens op"]
[Site "Wattens"]
[Date "1997.??.??"]
[Round "?"]
[White "Sprenger, Wendelin"]
[Black "Schmied, Roman"]
[Result "1/2-1/2"]
[WhiteElo "1780"]
[BlackElo "1965"]

1.c4 c6 2.g3 d5 3.Bg2 Nf6 4.Nf3 g6 5.b3 Bg7 6.Bb2 O-O 7.O-O Re8 8.d3 Nbd7
9.Nbd2 e5 10.e3 Bf8 11.a3 a5 12.Bc3 Bd6 13.b4 axb4 14.axb4 Rxa1 15.Qxa1 Qe7
16.Rb1 c5  1/2-1/2

[Event "Wattens op"]
[Site "Wattens"]
[Date "1997.??.??"]
[Round "?"]
[White "Lazar, Dorin"]
[Black "Kondrak, Christoph"]
[Result "0-1"]
[WhiteElo "2170"]
[BlackElo "2095"]

1.c4 c6 2.Nf3 d5 3.d4 e6 4.Nc3 dxc4 5.a4 Bb4 6.e3 Bxc3+ 7.bxc3 b5 8.Ne5 Qc7
9.Qg4 f6 10.Qh5+ g6 11.Nxg6 Qf7 12.Nf4 e5 13.Qxf7+ Kxf7 14.Ne2 a5 15.Bd2 Nd7
16.g3 Nb6 17.Bg2 Nxa4 18.Bxc6 Rb8 19.O-O Ne7 20.Be4 Bd7 21.f4 exd4 22.exd4 b4
23.Rfb1 b3 24.Ra3 Rhe8 25.Kf2 Kg7 26.Re1 Nc8 27.Bb1 Nd6 28.d5 Rb5 29.Nd4 Rxe1
30.Kxe1 Rxd5 31.Nxb3 cxb3 32.Rxb3 Nc4 33.Bc1 Nc5 34.Rb8 Bg4 35.Ba2 Rd1+ 36.Kf2 Rxc1
37.Bxc4 Rxc3 38.Rg8+ Kh6 39.Rxg4 Rxc4 40.Rh4+ Kg7  0-1

[Event "Wattens op"]
[Site "Wattens"]
[Date "1997.??.??"]
[Round "?"]
[White "Zechner, Thomas"]
[Black "Preindl, Florian"]
[Result "1/2-1/2"]
[WhiteElo "1620"]
[BlackElo "1745"]

1.c4 c6 2.Nc3 d5 3.cxd5 cxd5 4.d4 Nc6 5.Nf3 Nf6 6.Bf4 e6 7.e3 a6 8.a3 Be7
9.Bd3 b5 10.Rc1 Bb7 11.O-O Rc8 12.b4 O-O 13.Nd2 Nd7 14.Nb3 Nb6 15.Nc5 Bxc5
16.dxc5 Nc4 17.Bxc4 dxc4 18.Bd6 Re8 19.Qg4 Qf6 20.Rfd1 Ne5 21.Bxe5 Qxe5 22.Rd4 Rcd8
23.Rcd1 Rxd4 24.Rxd4 h6 25.Qf4 Qxf4 26.exf4 e5 27.fxe5 Rxe5 28.Kf1 Kf8 29.a4 bxa4
30.Nxa4 Bc6 31.Nc3 Bb5  1/2-1/2

[Event "Oberliga Wuert9697"]
[Site "Wuerttemberg"]
[Date "1997.??.??"]
[Round "?"]
[White "Junger, Uli"]
[Black "Born, Mario"]
[Result "1/2-1/2"]
[WhiteElo "2200"]
[BlackElo "2220"]

1.c4 c6 2.e4 d5 3.cxd5 cxd5 4.exd5 Nf6 5.Nc3 g6 6.Bb5+ Nbd7 7.Nf3 Bg7 8.O-O O-O
9.Bxd7 Qxd7 10.Qb3 Rd8 11.Ne5 Qd6 12.Nc4 Qc5 13.d4 Qc7 14.Nb5 Qd7 15.d6 exd6
16.Nbxd6 b5 17.Qxb5 Qxb5 18.Nxb5 Ba6 19.a4 Bxb5 20.axb5 Rxd4 21.b3 Rdd8 22.Be3 Rdb8
23.b6 axb6 24.Rxa8 Rxa8 25.Nxb6 Ra3 26.b4 Bf8 27.Bd4 Ne4 28.f3 Rd3 29.Ba1 Bxb4
30.fxe4 Bc5+ 31.Kh1 Bxb6 32.g4 Bd4 33.Bxd4 Rxd4 34.Re1 Rd2 35.e5 Kf8 36.e6 f6
37.e7+ Ke8 38.Re6 Rf2 39.Kg1 Rf4 40.h3 f5 41.gxf5 Rxf5 42.Ra6 Rf7 43.Kg2 Rxe7
44.h4 Kf7 45.Kg3 Kg7 46.Ra5 Kh6 47.Rb5 Rf7 48.Ra5 Rf5 49.Ra7 Rb5 50.Rc7 Rb3+
51.Kg4 Rb4+ 52.Kg3 Rb5 53.Ra7 g5 54.hxg5+ Rxg5+ 55.Kh4 Rg6 56.Rb7 Ra6 57.Rb5 Ra4+
58.Kh3  1/2-1/2

[Event "SVK-ch U16"]
[Site "Zilina"]
[Date "1997.??.??"]
[Round "6"]
[White "Federic, Peter"]
[Black "Baleja, Marian"]
[Result "0-1"]
[WhiteElo "1775"]
[BlackElo "1805"]

1.c4 c6 2.Nc3 d5 3.cxd5 cxd5 4.d4 Nf6 5.g3 Bf5 6.Bg2 e6 7.Bd2 Nc6 8.Nf3 Be7
9.Nh4 Bg4 10.h3 Bh5 11.g4 Bg6 12.Nxg6 hxg6 13.e3 g5 14.Qb3 Qc7 15.Bf3 O-O
16.a3 a6 17.Qc2 b5 18.h4 gxh4 19.g5 Nh7 20.Rxh4 Nxg5 21.Ke2 g6 22.Rg1 f5
23.Rh6 Kg7 24.Rgh1 Rh8 25.Rxh8 Rxh8 26.Qc1 Rxh1 27.Qxh1 Nxf3 28.Qxf3 Bf6
29.Qg2 Na5 30.Kd1 Nb3 31.Qf1 Qc4 32.Qe2 Bh4 33.Qxc4 dxc4 34.Be1 Kf6 35.Ke2 Nc1+
36.Kd2 Nd3 37.Nd1 e5 38.dxe5+ Kxe5 39.Ke2 Nxe1 40.Kxe1 Kd5 41.Ke2 Bf6 42.f3 Kc5
43.Kd2 a5 44.Kc2 b4 45.axb4+ Kxb4 46.Nf2 a4 47.Nd1 g5 48.Nf2 Bxb2 49.Kxb2 a3+
50.Kb1 Kb3 51.e4 a2+ 52.Ka1 fxe4 53.fxe4 c3 54.e5 g4 55.e6 g3  0-1

[Event "Zillertal op"]
[Site "Zillertal"]
[Date "1997.??.??"]
[Round "3"]
[White "Sprenger, Wendelin"]
[Black "Kondrak, Christoph"]
[Result "0-1"]
[WhiteElo "1725"]
[BlackElo "2010"]

1.c4 c6 2.g3 d5 3.Bg2 Nf6 4.Nf3 dxc4 5.Na3 b5 6.b3 cxb3 7.axb3 Bb7 8.O-O e6
9.Bb2 Nbd7 10.Rc1 Rc8 11.Nd4 Nd5 12.f4 a6 13.e4 Bxa3 14.Bxa3 Qb6 15.Bb2 Nb4
16.Qf3 c5 17.Ne2 O-O 18.Qc3 f6 19.Qe3 Nc6 20.d4 cxd4 21.Bxd4 Nxd4 22.Qxd4 Rxc1
23.Rxc1 Rc8 24.Rd1 Kf7 25.Kf1 Qxd4 26.Nxd4 Rd8 27.Rc1 Nb6 28.Rc7+ Rd7 29.Rxd7+ Nxd7
30.Bh3 Nf8 31.e5 fxe5 32.fxe5 Bd5 33.Bg2 Bxg2+ 34.Kxg2 Ng6 35.Nc6 Ne7 36.Nd8+ Kg6
37.Nxe6 Kf5 38.Nc7 Kxe5 39.Nxa6 Nd5 40.Nc5 Kd4 41.Ne6+ Kc3 42.Nxg7 Kxb3 43.Nf5 Kc3
44.Nd6 b4 45.Ne4+ Kd3 46.Kf3 Nc3 47.Nf2+ Kd4  0-1

[Event "Zillertal op"]
[Site "Zillertal"]
[Date "1997.??.??"]
[Round "7"]
[White "Kleissl, Helmut"]
[Black "Hausner, Ivan"]
[Result "0-1"]
[WhiteElo "2275"]
[BlackElo "2410"]

1.c4 c6 2.Nf3 d6 3.g3 e5 4.Nc3 f5 5.Bg2 Nf6 6.O-O Be7 7.d3 O-O 8.Rb1 Qe8
9.b4 Qh5 10.b5 c5 11.Ne1 Nbd7 12.e3 Qxd1 13.Nxd1 e4 14.Nc3 Nb6 15.dxe4 fxe4
16.Nxe4 Be6 17.Nc2 Bxc4 18.Rd1 Bxa2 19.Rb2 Bf7 20.Na3  0-1

[Event "CZE-ch"]
[Site "Zlin"]
[Date "1997.??.??"]
[Round "4"]
[White "Blatny, Pavel"]
[Black "Haba, Petr"]
[Result "1-0"]
[WhiteElo "2540"]
[BlackElo "2520"]

1.c4 c6 2.e4 e5 3.Nf3 d6 4.d4 Nd7 5.Nc3 Ngf6 6.Be2 Be7 7.O-O O-O 8.Qc2 Re8
9.Rd1 Qc7 10.h3 Nf8 11.Be3 Ng6 12.d5 c5 13.b4 cxb4 14.Nb5 Qa5 15.a3 b3 16.Qxb3 Nxe4
17.Qb4 Bd8 18.Nd2 Nxd2 19.Bxd2 Qa6 20.Qxd6 Qxd6 21.Nxd6 Rf8 22.Nxc8 Rxc8
23.Bb4 Bb6 24.Bxf8 Nxf8 25.Rab1 g6 26.Rb5 Nd7 27.a4 Nc5 28.a5 Bd8 29.Rdb1 Kf8
30.g4 a6 31.Rxb7 Nxb7 32.Rxb7 Bxa5 33.g5 Bd8 34.h4 Be7 35.Rb6 a5 36.d6 Bd8
37.Rb5 a4 38.c5 a3 39.Bc4 f6 40.Be6 fxg5 41.Rb7  1-0

[Event "NLD-sf"]
[Site "Enschede"]
[Date "1998.01.10"]
[Round "8"]
[White "Ernst, Sipke"]
[Black "Kroeze, Frank M"]
[Result "1-0"]
[WhiteElo "2300"]
[BlackElo "2395"]

1.c4 c6 2.Nf3 d5 3.b3 Nf6 4.g3 Bg4 5.Bg2 Nbd7 6.Bb2 e6 7.O-O Bd6 8.Nc3 O-O
9.d3 Qe7 10.Rc1 Ba3 11.Qd2 Rfd8 12.Bxa3 Qxa3 13.Nb1 Qd6 14.Qb2 a5 15.Rfd1 Qb4
16.Nbd2 Qb6 17.Rc2 Bxf3 18.Nxf3 a4 19.b4 a3 20.Qb3 c5 21.Rb1 Rdc8 22.Nd2 cxb4
23.Qxb4 Qd4 24.Rb3 Ng4 25.e3 Nxe3 26.fxe3 Qxe3+ 27.Kh1 Nc5 28.Nf1 Qd4 29.Rxa3 Rxa3
30.Qxa3 Nxd3 31.cxd5 Nf2+ 32.Rxf2 Qxf2 33.dxe6 fxe6 34.Qb3 Qe2 35.Qxb7 Rf8
36.Qb1 Rf2 37.Bh3 g5 38.Kg1 Rf8 39.a4 g4 40.Bg2 Rf2 41.Qb8+ Kg7 42.Qb7+ Rf7
43.Qb6 e5 44.a5 Rf6 45.Qc7+ Rf7 46.Qc1 h6 47.Qc3 Qf2+ 48.Kh1 Qd4 49.Qxd4 exd4
50.a6 d3 51.Kg1 Rc7 52.Be4 Kf6 53.Bxd3 Ke5 54.Kf2 Kd4 55.Be2 h5 56.Nd2 Rf7+
57.Ke1 Kc5 58.Nc4 Rh7 59.Ne5 Kb6 60.Kf2 Rc7 61.Ng6 Rc1 62.Nf4 Rh1 63.Kg2 Re1
64.Bd3 Rd1 65.Be2 Re1 66.Bf1 Re5 67.Bd3 Ra5 68.h4 Ra2+ 69.Kf1 Ra5 70.Kf2 Re5
71.Bg6 Kxa6 72.Bxh5 Kb6 73.Bxg4 Re8 74.h5 Rh8 75.Be6 Kc7 76.g4 Kd8 77.g5 Ke8
78.Kg3 Rh7 79.Kg4 Kf8 80.Ng6+ Kg7 81.Bd5 Rh6 82.gxh6+ Kh7 83.Ne5 Kh8 84.Be4  1-0

[Event "Excelsior Cup"]
[Site "Gothenburg"]
[Date "1998.01.14"]
[Round "8"]
[White "Gavrikov, Viktor"]
[Black "Gausel, Einar"]
[Result "1/2-1/2"]
[WhiteElo "2555"]
[BlackElo "2555"]

1.c4 c6 2.e4 d5 3.exd5 cxd5 4.d4 Nf6 5.Nc3 e6 6.Nf3 Bb4 7.cxd5 Nxd5 8.Qc2 Nc6
9.Be2 O-O 10.O-O Be7 11.Rd1 Qb6 12.a3 Rd8 13.Bc4 Bf6 14.Bg5 Nce7 15.Bxd5 Nxd5
16.Nxd5 Rxd5 17.Bxf6 gxf6 18.Re1 Bd7 19.Re4  1/2-1/2

[Event "Hoogovens-B"]
[Site "Wijk aan Zee"]
[Date "1998.01.20"]
[Round "1"]
[White "Bosboom, Manuel"]
[Black "Kuijf, Marinus"]
[Result "1-0"]
[WhiteElo "2450"]
[BlackElo "2460"]

1.c4 c6 2.Nf3 d5 3.g3 Bf5 4.Bg2 e6 5.O-O Nd7 6.cxd5 exd5 7.d3 Ngf6 8.Nc3 Be7
9.Be3 O-O 10.Qb3 Nb6 11.Rac1 c5 12.Na4 Nxa4 13.Qxa4 Qb6 14.b4 Qxb4 15.Qxb4 cxb4
16.Rc7 Bd6 17.Rxb7 Rfb8 18.Rxb8+ Rxb8 19.Nd4 Bd7 20.Nb3 a5 21.Nxa5 Ra8 22.Nb7 Bf8
23.Nc5 Bxc5 24.Bxc5 Rxa2 25.Bf3 b3 26.Rb1 Ra5 27.Bb4 Ra2 28.Rxb3 Bg4 29.Bc3 h6
30.Rb8+ Kh7 31.Kg2 Bxf3+ 32.Kxf3 Kg6 33.Rd8  1-0

[Event "BCF-chT 97/98 (4NCL)"]
[Site "GBR"]
[Date "1998.01.24"]
[Round "5"]
[White "Turner, Matthew"]
[Black "Houska, Miroslav"]
[Result "1-0"]
[WhiteElo "2470"]
[BlackElo "2385"]

1.c4 c6 2.e4 d6 3.Nc3 e5 4.g3 g6 5.Bg2 Bg7 6.Nge2 Ne7 7.d4 O-O 8.O-O Nd7
9.d5 cxd5 10.cxd5 f5 11.f4 Kh8 12.Kh1 Nf6 13.fxe5 dxe5 14.Bg5 h6 15.Bxf6 Rxf6
16.Rc1 Bd7 17.Qd2 Nc8 18.exf5 gxf5 19.Ng1 Nd6 20.Nf3 Nf7 21.Qe2 Qe8 22.Nh4 Rc8
23.Rce1 b5 24.a3 a5 25.Rf2 Rc5 26.Qh5 Qc8 27.Ng6+ Kh7 28.Ne7 Qf8 29.Nxf5 Ng5
30.Ne4 Rxf5 31.Nxg5+ Rxg5 32.Be4+ Bf5 33.Rxf5 Rxf5 34.Bxf5+ Kh8 35.Qg6 Qg8
36.Rxe5 Rc8 37.Bxc8 Bxe5 38.Qxh6+ Qh7 39.Qxh7+ Kxh7 40.b4 axb4 41.axb4 Bd6
42.Bd7 Bxb4 43.Bxb5 Kg6 44.Kg2 Kf5 45.Kf3 Ke5 46.Bc6 Be7 47.h4 Bf6 48.Kg4 Be7
49.Kh5 Kf6 50.g4 Kg7 51.g5 Kf7 52.Kg4 Bb4 53.h5 Bc5 54.h6 Bd6 55.Kf5  1-0